| 000 | 00508nam a2200181Ia 4500 | ||
|---|---|---|---|
| 003 | GCL | ||
| 008 | 140319s9999 xx 000 0 ara d | ||
| 040 |
_aGCL / _cGCL |
||
| 082 | 0 | 4 |
_a258.7 _bا ا |
| 100 | 1 | _aاحمد محمود صبحى | |
| 245 | 1 | 0 |
_aالزيدية / _cاحمد محمود صبحى |
| 260 |
_a[S.N] : _bالزهراء للاعلام العربى ، _c1984 |
||
| 300 | _a607 ص | ||
| 490 | _a | ||
| 650 | 0 | 4 | _aالفقه الاسلامى |
| 650 | 0 | 4 | _aالزيدية |
| 942 |
_2ddc _cBK |
||
| 999 |
_c53678 _d53678 |
||